Statistics for Most common last names in Australia

Click here to take the quiz!

General Stats

  • This quiz has been taken 2,498 times
  • The average score is 6 of 20

Answer Stats

Surname% Correct
Smith
96%
Jones
58%
Johnson
50%
Brown
49%
White
39%
Williams
37%
Lee
26%
Nguyen
25%
Wilson
23%
Thompson
21%
Thomas
20%
Taylor
19%
Anderson
18%
Harris
17%
Martin
16%
King
14%
Robinson
13%
Kelly
12%
Walker
11%
Ryan
8%

Score Distribution

Percentile by Number Answered

Percent of People with Each Score

Your Score History

You have not taken this quiz